Electric Energy Systems : (Record no. 527241)
[ view plain ]
| 000 -LEADER | |
|---|---|
| fixed length control field | 01329cam a22003858i 4500 |
| 001 - CONTROL NUMBER | |
| control field | 20354840 |
| 003 - CONTROL NUMBER IDENTIFIER | |
| control field | NUST |
| 005 - DATE AND TIME OF LATEST TRANSACTION | |
| control field | 20211020145950.0 |
| 008 - FIXED-LENGTH DATA ELEMENTS--GENERAL INFORMATION | |
| fixed length control field | 180212s2018 flu b 001 0 eng |
| 010 ## - LIBRARY OF CONGRESS CONTROL NUMBER | |
| LC control number | 2018006938 |
| 020 ## - INTERNATIONAL STANDARD BOOK NUMBER | |
| International Standard Book Number | 9781138724792 (hardback : alk. paper) |
| 038 ## - RECORD CONTENT LICENSOR | |
| Staff Name | khadija |
| 040 ## - CATALOGING SOURCE | |
| Original cataloging agency | DLC |
| Language of cataloging | eng |
| Description conventions | rda |
| Transcribing agency | DLC |
| 042 ## - AUTHENTICATION CODE | |
| Authentication code | pcc |
| 050 00 - LIBRARY OF CONGRESS CALL NUMBER | |
| Classification number | TK1001 |
| Item number | .E347 2018 |
| 082 00 - DEWEY DECIMAL CLASSIFICATION NUMBER | |
| Classification number | 621.319 |
| Edition number | 23 |
| Author Mark | ELE |
| 100 ## - MAIN ENTRY--PERSONAL NAME | |
| Personal name | Gomez-Exposito , antonio & Conejo , Antonio J. & Canizares , Claudio A. |
| 9 (RLIN) | 18379 |
| 245 00 - TITLE STATEMENT | |
| Title | Electric Energy Systems : |
| Remainder of title | analysis and operation / |
| Statement of responsibility, etc. | edited by Antonio Gómez-Expósito, Antonio J. Conejo, Claudio Cañizares. |
| 250 ## - EDITION STATEMENT | |
| Edition statement | 2nd ed. |
| 263 ## - PROJECTED PUBLICATION DATE | |
| Projected publication date | 1807 |
| 264 #1 - PRODUCTION, PUBLICATION, DISTRIBUTION, MANUFACTURE, AND COPYRIGHT NOTICE | |
| Place of production, publication, distribution, manufacture | Boca Raton : |
| Name of producer, publisher, distributor, manufacturer | Taylor & Francis, CRC Press, |
| Date of production, publication, distribution, manufacture, or copyright notice | 2018. |
| 300 ## - PHYSICAL DESCRIPTION | |
| Extent | pages cm |
| 336 ## - CONTENT TYPE | |
| Content type term | text |
| Content type code | txt |
| Source | rdacontent |
| 337 ## - MEDIA TYPE | |
| Media type term | unmediated |
| Media type code | n |
| Source | rdamedia |
| 338 ## - CARRIER TYPE | |
| Carrier type term | volume |
| Carrier type code | nc |
| Source | rdacarrier |
| 504 ## - BIBLIOGRAPHY, ETC. NOTE | |
| Bibliography, etc. note | Includes bibliographical references and index. |
| 563 ## - BINDING INFORMATION | |
| Binding note | hardcover |
| 650 #0 - SUBJECT ADDED ENTRY--TOPICAL TERM | |
| Topical term or geographic name entry element | Electric power systems. |
| 9 (RLIN) | 18375 |
| 700 1# - ADDED ENTRY--PERSONAL NAME | |
| Personal name | Gómez Expósito, Antonio, |
| Relator term | editor. |
| 9 (RLIN) | 69609 |
| 700 1# - ADDED ENTRY--PERSONAL NAME | |
| Personal name | Conejo, Antonio J., |
| Relator term | editor. |
| 9 (RLIN) | 18377 |
| 700 1# - ADDED ENTRY--PERSONAL NAME | |
| Personal name | Cañizares, Claudio, |
| Relator term | editor. |
| 9 (RLIN) | 18378 |
| 906 ## - LOCAL DATA ELEMENT F, LDF (RLIN) | |
| a | 7 |
| b | cbc |
| c | orignew |
| d | 1 |
| e | ecip |
| f | 20 |
| g | y-gencatlg |
| 942 ## - ADDED ENTRY ELEMENTS (KOHA) | |
| Source of classification or shelving scheme | |
| Koha item type | Book |
| Withdrawn status | Lost status | Source of classification or shelving scheme | Damaged status | Not for loan | Permanent Location | Current Location | Shelving location | Date acquired | Full call number | Barcode | Date last seen | Price effective from | Koha item type |
|---|---|---|---|---|---|---|---|---|---|---|---|---|---|
| School of Mechanical & Manufacturing Engineering (SMME) | School of Mechanical & Manufacturing Engineering (SMME) | General Stacks | 07/23/2019 | 621.319 ELE | SMME-3412 | 07/23/2019 | 07/23/2019 | Book |
